Central Library OPAC University of Rajshahi

শেষ সীমান্ত / (Record no. 56358)

MARC details
000 -LEADER
fixed length control field 00921nam a2200253 a 4500
001 - CONTROL NUMBER
control field 56358
003 - CONTROL NUMBER IDENTIFIER
rucl marc code BD-RjUL
005 - DATE AND TIME OF LATEST TRANSACTION
control field 20211209080403.0
008 - FIXED-LENGTH DATA ELEMENTS--GENERAL INFORMATION
fixed length control field 161128s1959 ii ||||| |||| 00| 0 ben d
020 ## - INTERNATIONAL STANDARD BOOK NUMBER
Terms of availability : IRs 4.00
035 ## - SYSTEM CONTROL NUMBER
System control number (BD-RjUL)56482
040 ## - CATALOGING SOURCE
Original cataloging agency BD-RjUL
Language of cataloging ben
Transcribing agency BD-RjUL
041 ## - LANGUAGE CODE
Language code of text/sound track or separate title ben
082 ## - DEWEY DECIMAL CLASSIFICATION NUMBER
Edition number 23
Classification number 813
Author mark and year FAS 1959
100 ## - MAIN ENTRY--PERSONAL NAME
Personal name ফাস্ট, হাওয়ার্ড
9 (RLIN) 166459
245 10 - TITLE STATEMENT
Title শেষ সীমান্ত /
Statement of responsibility, etc. হাওয়ার্ড ফাস্ট
250 ## - EDITION STATEMENT
Edition statement শোভন সং .
260 ## - PUBLICATION, DISTRIBUTION, ETC. (IMPRINT)
Place of publication, distribution, etc. কলিকাতা :
Name of publisher, distributor, etc. সুরেন দত্ত্ব,
Date of publication, distribution, etc. ১৯৫৯ [?]
300 ## - PHYSICAL DESCRIPTION
Pagination ২৩৪ পৃ. ;
Size ২১ সেমি .
650 ## - SUBJECT ADDED ENTRY--TOPICAL TERM
Topical term or geographic name as entry element আমেরিকান উপন্যাস
9 (RLIN) 167672
Topical term or geographic name as entry element American Fictions
9 (RLIN) 148203
700 ## - ADDED ENTRY--PERSONAL NAME
Personal name সান্যাল, অবন্তী, অনুবাদ
942 ## - ADDED ENTRY ELEMENTS (KOHA)
Source of classification or shelving scheme Dewey Decimal Classification
Koha item type Books
Holdings
Lost status Source of classification or shelving scheme Damaged status Not for loan Collection code Permanent Location Current Location Shelving location Date acquired Source of acquisition Cost, normal purchase price Total Checkouts Full call number Date last seen Date checked out Copy number Koha item type
  Dewey Decimal Classification     Fiction Central Library, University of Rajshahi Central Library, University of Rajshahi   20/10/1959 Warsi book center 3.11 1 B 813 FAS 1959 14/10/2018 03/10/2018 C-2 Books
  Dewey Decimal Classification   Not For Loan Fiction Central Library, University of Rajshahi Central Library, University of Rajshahi Reading Room 07/10/1959 Provical Book 4.00   B 813 FAS 1959 02/02/2017   C-1 Books